Grecja czy Turcja? - Statystyki

Ogólne statystyki
  • Ten quiz został rozwiązany 44 razy
  • Średni wynik to 8 z 10
Statystyki odpowiedzi
Zagadnienie Odpowiedź % Poprawnych
Który kraj ma więcej wysp? Grecja
100%
Który kraj jest większy? Turcja
100%
Który kraj leży na dwóch kontynentach Turcja
100%
W którym kraju jest wyspa Rodos Grecja
96%
W którym kraju jest Akropol Grecja
96%
Który kraj jest bliżej Serbii Grecja
88%
Który kraj ma więcej rzek? Turcja
77%
Która stolica jest większa? Stolica Grecji czy Turcji Turcji
69%
W której stolicy mieszka więcej ludzi? W stolicy Grecji czy Turcji Turcji
62%
Który kraj jest częściej odwiedzany przez turystów z całego świata? Turcja
35%
Nie znaleziono quizów pasujących do podanych kryteriów
Rozkład punktacji
Procent ludzi z każdym wynikiem
Percentyl według liczby udzielonych odpowiedzi
Twoja historia wyników
Nie rozwiązałeś tego quizu